Premier League Scorers by Country - Statistics

General Stats
  • This quiz has been taken 258 times
    79 since last reset
  • The average score is 24 of 52
Answer Stats
Nationality EPL Teams played for Player % Correct
Algeria Leicester City, Manchester City Riyad Mahrez
98%
Argentina Manchester City Sergio Aguero
95%
Bosnia Manchester City Edin Dzeko
87%
Brazil Liverpool Roberto Firmino
87%
Belgium West Brom, Everton, Man United Romelu Lukaku
85%
Bulgaria Tottenham, Man United, Fulham Dimitar Berbatov
79%
Egypt Chelsea, Liverpool* Mohamed Salah
75%
Chile Arsenal, Manchester United Alexis Sanchez
74%
Armenia Manchester United, Arsenal Henrikh Mkhitaryan
74%
France Arsenal Thierry Henry
67%
Gabon Arsenal, Chelsea PierreEmerick Aubameyang
62%
Portugal Manchester United Cristiano Ronaldo
61%
Ivory Coast Chelsea Didier Drogba
61%
Norway Manchester City Erling Haaland
61%
Netherlands Arsenal, Manchester United Robin Vanpersie
59%
Austria Stoke City, West Ham Marko Arnautovic
57%
Senegal Southampton, Liverpool Sadio Mane
57%
Denmark Tottenham, Brentford, Man United Christian Eriksen
56%
Ecuador Wigan, Manchester United Antonio Valencia
54%
Ireland Coventry, Leeds, Tottenham Robbie Keane
54%
Germany Manchester City Ilkay Gundogan
52%
South Korea Tottenham Son Heung-min
52%
Sweden Newcastle, Liverpool* Alexander isak
51%
Spain Liverpool, Chelsea Fernando Torres
49%
Uruguay Liverpool Luis Suarez
46%
Australia Leeds, Middlesborough, Newcastle Mark Viduka
41%
Mexico Wolverhampton, Fulham Raul Jimenez
41%
Iceland Swansea, Tottenham, Everton Gylfi Sigurdsson
39%
Japan Brighton Karou Mitoma
39%
United States Fulham, Tottenham Clint Dempsey
36%
Togo Arsenal, Manchester City, Tottenham Emmanuel Adebayor
36%
Switzerland Stoke City, Liverpool Xherdan Shaqiri
36%
New Zealand Leicester, Burnley, Newcastle, Nottingham* Chris Wood
34%
Trinidad & Tobago Aston Villa, Man United, Blackburn Dwight Yorke
34%
Ghana Aston Villa, Swansea, C. Palace, Leicester* Jordan Ayew
34%
Serbia Newcastle, Fulham Aleksandar Mitrovic
33%
Italy Sheffield Wedn, West Ham, Charlton Paolo Dicanio
33%
Cameroon Brentford, Man United* Bryan Mbuemo
31%
Israel West Ham, Liverpool, Arsenal Yossi Benayoun
28%
Costa Rica Derby County, West Ham, Man City Paulo Wanchope
25%
Colombia Aston Villa Juan Pablo Angel
23%
Nigeria Portsmouth, Middlesborough, Everton Yakubu Aiyegbeni
23%
Paraguay Blackburn, Manchester City Roque Santacruz
21%
Russia Manchester United, Everton Andrei Kanchelskis
20%
Peru Newcastle, Aston Villa, West Ham Nolberto Solano
20%
Congo DR Brentford, Newcastle* Yoane Wissa
18%
Mali West Ham, Tottenham Frederic Kanoute
16%
Czech Republic Liverpool, Portsmouth, Aston Villa Patrik Berger
16%
Jamaica West Ham Michail Antonio
15%
Croatia Everton, Hull City, West Ham Nikica Jelavic
13%
Canada Everton, Fulham Tomasz Radzinski
11%
Finland Chelsea, Birmingham City Mikael Forssell
7%
No matching quizzes found
Score Distribution
Percent of People with Each Score
Percentile by Number Answered
Your Score History
You have not taken this quiz since the last reset